000 00610nam a2200193Ia 4500
005 20251020182610.0
008 200515s9999 xx 000 0 und d
082 _aSC/623.454.3/S56
110 _aSipevor 99
245 0 _aV Simposium Internacional de Perforación y Voladura de Rocas : Expositor, Calvi J. Konya Ph. D.
260 _aLima
260 _c1999
300 _a73
520 _aArtículos sobre voladura de rocas y perforación subterránea, además la seguridad en voladura y manejo de explosivos
650 _aEXPLOSIVOS
650 _aMINERIA
650 _aVOLADURA DE ROCAS
942 _cLIB
999 _c3303
_d3303